| 000 | 01065 a2200265 4500 | ||
|---|---|---|---|
| 010 | _aENG-89041 | ||
| 020 |
_c600.00 _a8124604312 |
||
| 035 | _aEN-72574 | ||
| 037 | _bDBAD / PUB | ||
| 082 | 1 | 4 | _a410 |
| 090 |
_c9951 _d9951 |
||
| 100 | 1 | _aKaunda Bhatta | |
| 245 | 1 |
_aThe meaning of nouns : _ctranslated and annotated by Madhav M. Deshpande _bsemantic theory in classical and medieval India / |
|
| 246 | _aNamartha-nirnaya of Kaundabhatta / | ||
| 260 |
_aNew Delhi _bD.K. Printworld _c2007(repr) |
||
| 270 |
_aRegd. Office: `Sri Kunj', F-52, Bali Nagar, _bNew Delhi _e110 015 |
||
| 300 |
_c23 cm. (Hb.) _ax, 296p. |
||
| 500 | _aReprint. Originally Published: Dordrecht: Kluwer Academic Publishers, 1992. (Studies of classical India; v. 13) | ||
| 500 | _aIncludes bibliographical references and index | ||
| 650 | _aSanskrit language-Noun | ||
| 650 |
_aSanskrit language _xSemantics |
||
| 700 | _aDeshpande, Madhav M. | ||
| 942 |
_cEN _adpl _k410/ KAU |
||
| 999 |
_c9756 _d9756 |
||